000
00292nam a22001217a 4500
020
_a
0-07-045886-3
082
_a
621.31042 NAS
100
_a
SYED A.NASAR
_9
67638
245
_a
ELECTRIC MACHINES AND ELECTROMECHANICS
260
_a
NEW YORK
_b
MCGRAW HILL
_c
1981
300
_a
184P
942
_c
BK
999
_c
575368
_d
575368